Macroeconomics : Imperfections, Institutions and Policies /

Contenido: 1) Modelos macroeconómicos; 2) Oferta, demanda y ciclos del negocio; 3) Inflación, desempleo y reglas monetarias; 4) Mercado de trabajo y políticas de oferta; 5) Política monetaria; 6) Política fiscal; 7) Consumo e inversión; 8) Dinero y finanzas; 9) Economía abierta: 10) Inflación y dese...

Deskribapen osoa

Gorde:
Xehetasun bibliografikoak
Egile nagusia: Carlin, Wendy (autor)
Beste egile batzuk: Soskice, David (autor) (autor)
Formatua: Liburua
Hizkuntza:ingelesa
Argitaratua: Oxford, EUA : Oxford University, 2006, c2006
Gaiak:
Etiketak: Etiketa erantsi
Etiketarik gabe, Izan zaitez lehena erregistro honi etiketa jartzen!

MARC

LEADER 00000nam^a2200000^a^4500
001 000191751
005 20250521000000.0
009 20260310102539.168
020 |a 0-19-877622-5 
037 |a Acervo ITESO - Biblioteca 
041 |a ING 
082 |a 339.  |b CAR 
100 |a Carlin, Wendy  |e (autor) 
245 1 0 |a Macroeconomics :  |b Imperfections, Institutions and Policies /  |c W. Carlin, D. Soskice. 
264 4 |a Oxford, EUA :  |b Oxford University,  |c 2006, c2006 
300 |a XLII, 810 p. 
336 |a texto  |b txt  |2 rdacontenido 
337 |a sin mediación  |b n  |2 rdamedio 
338 |a volumen  |b nc  |2 rdasoporte 
520 |a Contenido: 1) Modelos macroeconómicos; 2) Oferta, demanda y ciclos del negocio; 3) Inflación, desempleo y reglas monetarias; 4) Mercado de trabajo y políticas de oferta; 5) Política monetaria; 6) Política fiscal; 7) Consumo e inversión; 8) Dinero y finanzas; 9) Economía abierta: 10) Inflación y desempleo en la economía abierta; 11) Política de rendimiento en la economía abierta; 12) Economías interdependientes; 13) Teoría del crecimiento externo; 14) Desarrollo interno; 15) Nuevos principios económicos Keynesianos; 16) Política económica; 17) Desempeño y política en Europa, Estados Unidos y Japón; 18) Desempleo: instituciones, choques y políticas. 
649 |a XX 
650 |a Oferta y Demanda 
650 |a Consumo 
650 |a Mercado 
650 |a Dinero 
650 |a Bancos y Operaciones Bancarias 
650 |a Finanzas 
650 |a Inflación 
650 |a Política Fiscal 
650 |a Política Monetaria 
650 |a Política Económica 
650 |a Empleo y Desempleo 
650 |a Mercado de Trabajo 
650 |a Apertura Comercial e Integración Económica 
650 |a Comercio Internacional 
650 |a Macroeconomía -  |x Tema Principal 
650 |a Desarrollo Económico-Social 
650 |a Economía -  |x Teoría 
700 |a Soskice, David  |e (autor) 
910 |a Fondo General 
920 |a Impresos - Libros 
930 |a Colección General 
905 |a 101 
901 |a 0500135393  |b IT1  |c ACC  |u 20250521 
902 |a https://opac.biblio.iteso.mx/vufind/Record/000191751